All Lifesteal Season 6 Members - Statistics

General Stats
  • This quiz has been taken 305 times
  • The average score is 20 of 35
Answer Stats
Hint Answer % Correct
4 4CVIT
88%
M (New) ManePear
83%
F (New) FlameFrags
80%
C ClownPierce
79%
M Mapicc
75%
R rekrap2
75%
A ashswag
72%
J JumperWho
71%
P Pangi
69%
M MinuteTech
68%
P PrinceZam
68%
D (New) Derapchu
67%
S SpokeIsHere
66%
E (New) ECorridor
62%
J Jepex
61%
Y Yeah_Jaron
59%
H (New) hannahxxrose
58%
R Reddoons
55%
W Woogiex
55%
B baconwaffles0
53%
W Wemmbu
53%
T TheRealSquiddo
51%
P PlanetLord
50%
S (New) SB737
48%
C (New) ChiefXD
47%
J (New) JustKaboodle
45%
R roshambogames
44%
P Poafa
43%
T TheTerrain
43%
M MrCube6
42%
I ItzSubz_
38%
L Leowo0k
34%
S Spepticle
34%
M Midmysticx
32%
V Vort3xDragon
27%
No matching quizzes found
Score Distribution
Percent of People with Each Score
Percentile by Number Answered
Your Score History
You have not taken this quiz